An introduction to logic
Gorde:
| Egile nagusia: | |
|---|---|
| Formatua: | Liburua |
| Hizkuntza: | ingelesa |
| Argitaratua: |
Oxford
Oxford University
1916
|
| Edizioa: | 2a. ed |
| Gaiak: | |
| Etiketak: |
Etiketa erantsi
Etiketarik gabe, Izan zaitez lehena erregistro honi etiketa jartzen!
|
MARC
| LEADER | 00000nam a2200000 a 4500 | ||
|---|---|---|---|
| 001 | UCZ4339 | ||
| 003 | CL-VaPUC | ||
| 008 | 951106e19160000UK |||||||||||||||||eng|d | ||
| 082 | 0 | 4 | |a 160 |b JOS |2 21 |
| 100 | 0 | |a Joseph, H. W. B |e author |9 348311 | |
| 245 | 1 | 3 | |a An introduction to logic |
| 250 | |a 2a. ed | ||
| 300 | |a 608 p | ||
| 942 | |c BK | ||
| 945 | |d 19951106 00:00:00 |a lriquelm | ||
| 260 | |a Oxford |b Oxford University |c 1916 | ||
| 650 | 0 | |a Lógica |9 256849 | |
| 650 | 0 | |a Lógica matemática |9 262442 | |
| 650 | 0 | |a Razón |9 314475 | |
| 650 | 0 | |a Axiología |9 334895 | |
| 650 | 0 | |a Valor |9 323720 | |
| 650 | 0 | |a Verdad |9 313815 | |
| 583 | |a last modification |c 19951106 00:00:00 |k Rodrigo Vera | ||
| 999 | |c 240751 |d 240749 | ||
| 952 | |0 0 |1 0 |4 0 |6 160_000000000000000_JOS_1916 |7 0 |8 P |9 252773 |a BIBEDU |b BIBEDU |c BIBEDU_PB |d 2019-11-18 |i 1595709 |o 160 JOS 1916 |p 1595709 |r 2024-01-25 |w 2019-11-18 |y BK |k FIL | ||